| 000 | 00339nam a2200145Ia 4500 | ||
|---|---|---|---|
| 008 | 230917s9999||||xx |||||||||||||| ||und|| | ||
| 040 |
_e107990 _aMAIN |
||
| 041 | _aEnglish | ||
| 082 | _a658.409 C429V | ||
| 100 | _aChhabra, T.N. | ||
| 245 | 0 | _aValues and ethics | |
| 260 |
_aDelhi _bSun India _c2005 |
||
| 300 | _a179p p. | ||
| 942 | _cBK | ||
| 999 |
_c123257 _d123257 |
||